The Chapel of Kagemni : scene details /

محفوظ في:

المؤلف الرئيسي: Harpur, Yvonne (مؤلف)

مؤلف مشترك: Oxford Expedition to Egypt.

مؤلفون آخرون: Scremin, Paolo J.

التنسيق: كتاب

اللغة: English

الطبعة: First edition.

سلاسل: Egypt in miniature ; 1.

الموضوعات:

الوسوم: إضافة وسم

لا توجد وسوم, كن أول من يضع وسما على هذه التسجيلة!

رقم الطلب: ( R )DT73 .S3 H25 v.1

LEADER 01029namaa2200301 4500
001 17288
003 OSt
005 20210814071406.0
008 130303s2006 enka g b 000 0beng d
952 |0 0  |1 0  |2 lcc  |4 0  |7 1  |9 17666  |a ARCE  |b ARCE  |d 2021-08-14  |l 0  |o ( R )DT73 .S3 H25 v.1  |p 1036318  |r 2021-08-14 00:00:00  |w 2021-08-14  |y BK 
999 |c 14533  |d 14533 
040 |c ARCE Library 
043 |a f-ua--- 
050 0 4 |a ( R )DT73 .S3 H25 v.1 
100 1 |a Harpur, Yvonne,  |e author 
245 1 4 |a The Chapel of Kagemni :  |b scene details /  |c by Yvonne Harpur & Paolo Scremin.  
250 |a First edition. 
264 1 |a Reading :  |b Oxford Expedition to Egypt,  |c 2006. 
300 |a xxii, 521 pages :  |b illustrations ;  |c 31 cm.  
490 1 |a Egypt in miniature ;   |v 1. 
504 |a Includes bibliographical references. 
600 0 0 |a Kagemni  |x Tomb.   |9 33491 
650 0 |a Tombs  |z Egypt  |z Ṣaqqārah. 
700 1 |a Scremin, Paolo J. 
710 2 |a Oxford Expedition to Egypt. 
830 0 |a Egypt in miniature ;   |v 1. 
901 |a reviewed 
942 |c BK  |2 lcc